Daños en el derecho de familia /
Guardado en:
| Autor Principal: | |
|---|---|
| Otros Autores: | |
| Formato: | Libro |
| Idioma: | Spanish |
| Publicado: |
Santa Fe :
Rubinzal Culzoni,
2008.
|
| Edición: | 2a. ed. |
| Materias: | |
| Etiquetas: |
Agregar Etiqueta
Sin Etiquetas, Sea el primero en etiquetar este registro!
|
| LEADER | 00599nam a22001815a 4500 | ||
|---|---|---|---|
| 001 | DER.der009393 | ||
| 008 | 180615s2008####ag#||||||||||||||#||spa|| | ||
| 005 | 20251203152441.0 | ||
| 245 | 1 | 0 | |a Daños en el derecho de familia / |c Graciela Medina , con prólogo de Jorge Mosset Iturraspe |
| 250 | |a 2a. ed. | ||
| 260 | |a Santa Fe : |b Rubinzal Culzoni, |c 2008. | ||
| 300 | |a 698 p. | ||
| 020 | |a 9789507279508 | ||
| 100 | 1 | |a Medina, Graciela | |
| 700 | 1 | |a Mosset Iturraspe, Jorge, |e prol. | |
| 650 | 7 | |a DAÑOS | |
| 859 | |a DERECHO |b BIB. DERECHO |h 346.013 |i MED |p 006402 | ||
| 859 | |a DERECHO |b BIB. DERECHO |h 346.013 |i MED |p 007193 |t 1 | ||
